000 01434nam a2200361 c 4500
003 BLK
005 20240223171546.0
008 180409b bul|||||r ||||||| ||bul||
010 _aKNG00122782000
040 _aBLK
041 _aBUL
_cBUL
080 _aИстория на музиката
_b78.03
_x
_z78.03
100 1 _aСолертински, Иван Иванович
_eпърви автор
_9122073
700 1 _aУзунова, Мария
_eпрев. от рус.
_9370555
139 _aСолертински, Иван Иванович
_bС 51
245 1 0 _aРомантизмът, неговата обща и музикална естетика
_cИван Иванович Солертински; прев. от рус. Мария Узунова.
257 _aRUS
260 София
_bНаука и изкуство
_c1963
300 _a38 с.
_c17 см
380 _a7
490 1 _aВ помощ на слушателя
650 4 _aМузика - история
_9249453
650 4 _aМузика - естетика
_9281916
653 _aромантизъм
653 _aмузика
653 _aмузикална естетика
852 _aЦб І 5967
856 4 _qpdf
_u
856 4 _qpdf
_u
942 _cKNG
_n0
_01
944 _aCR
_c09.04.2011
_lРадостина Карадакова
_k30534
944 _aED
_c09.04.2011
_lдобави в АБ / 08.04.2011
_k
999 _c117196
_d117196